Sports Quiz

Random Sports or Football Quiz

Progressively Harder Premier League Footballers Quiz Stats

 Plays Quiz not verified by Sporcle

Also try: 2017 NBA All-Stars
Challenge
Share
Tweet
Score 0/25 Timer 05:00
0 Plays Today
% Correct
Eden Hazard
98.6%
Sergio Aguero
98.4%
David De Gea
98.1%
Hugo Lloris
95.1%
Jamie Vardy
94.6%
Sadio Mane
89.4%
Marcus Rojo
85.9%
Laurent Koscielny
85.4%
Roberto Firmino
80.5%
Odion Ighalo
75.3%
Toby Alderweireld
69.9%
Nathan Ake
69.9%
Leon Britton
60.7%
% Correct
Joel Campbell
54.7%
Jordan Ayew
54.5%
Daryl Janmaat
48.8%
N'Golo Kante
48.5%
Wes Hoolahan
44.2%
Dusan Tadic
37.9%
Ramiro Jose Funes Mori
36.6%
Matt Targett
34.1%
Joselu
26.3%
Liam Bridcutt
17.1%
Yohan Benalouane
10.8%
Ryan Bennett
8.4%

You're not logged in!

Compare scores with friends on all Sporcle quizzes.
OR
Log In

You Might Also Like...

Show Comments

Extras

Top Quizzes Today


Score Distribution

Your Account Isn't Verified!

In order to create a playlist on Sporcle, you need to verify the email address you used during registration. Go to your Sporcle Settings to finish the process.

Report this User

Report this user for behavior that violates our Community Guidelines.

Details: